书目信息 |
| 题名: |
常用物理量及单位手册
|
|
| 作者: | 李慎安 , 杜荷聪 编 | |
| 分册: | ||
| 出版信息: | 北京 计量出版社 1982.12 |
|
| 页数: | 185页 | |
| 开本: | 19cm | |
| 丛书名: | ||
| 单 册: | ||
| 中图分类: | O4-62 | |
| 科图分类: | ||
| 主题词: | 物理学 | |
| 电子资源: | ||
| ISBN: | ||
| 000 | 00556nam0 2200193 45 | |
| 001 | 0312221749 | |
| 005 | 20060813163219.42 | |
| 010 | @dCNY0.90 | |
| 100 | @a20031222d1982 km y0chiy0120 ea | |
| 101 | @achi | |
| 200 | 1 | @a常用物理量及单位手册@AChang Yong Wu Li Liang Ji Dan Wei Shou Ce@f李慎安,杜荷聪编@Fli shen an,du he cong bian |
| 210 | @a北京@c计量出版社@d1982.12 | |
| 215 | @a185页@d19cm | |
| 606 | 0 | @a物理学 |
| 690 | @aO4-62@v3 | |
| 701 | 0 | @a李慎安@4编 |
| 701 | 0 | @a杜荷聪@Adu he cong@4编 |
| 801 | @aCN@bTSTCL@c20060813 | |
| 905 | @a213230@dO4-62@e154 | |
| 常用物理量及单位手册/李慎安,杜荷聪编.-北京:计量出版社,1982.12 |
| 185页;19cm |
| ISBN :CNY0.90 |
| ● |
| 相关链接 |
|
|
|
|
正题名:常用物理量及单位手册
索取号:O4-62/154
 
预约/预借
| 序号 | 登录号 | 条形码 | 馆藏地/架位号 | 状态 | 备注 |
| 1 | 0164055 | 202097462 | 第二样本阅览室/ [索取号:O4-62/154] | 在馆 | |
| 2 | 0433712 | 204337128 | 密集书库/ [索取号:O4-62/154] | 在馆 | |
| 3 | 0433713 | 204337137 | 密集书库/ [索取号:O4-62/154] | 在馆 | |
| 4 | 0433714 | 204337146 | 密集书库/ [索取号:O4-62/154] | 在馆 | |
| 5 | 0433715 | 204337155 | 密集书库/ [索取号:O4-62/154] | 在馆 | |
| 6 | 0448293 | 204482933 | 密集书库/ [索取号:O4-62/154] | 在馆 | |
| 7 | 0454119 | 204541193 | 密集书库/ [索取号:O4-62/154] | 在馆 | |
| 8 | 0460636 | 204606364 | 密集书库/ [索取号:O4-62/154] | 在馆 | |
| 9 | 0460637 | 204606373 | 密集书库/ [索取号:O4-62/154] | 在馆 | |
| 10 | 0460638 | 204606382 | 密集书库/ [索取号:O4-62/154] | 在馆 | |
| 11 | 0460639 | 204606391 | 密集书库/ [索取号:O4-62/154] | 在馆 |